Rodičovský príspevok od 1. 1. 2025

Rodičovský príspevok je štátna sociálna dávka, ktorou štát prispieva oprávnenej osobe na zabezpečenie riadnej starostlivosti o dieťa do troch rokov veku alebo do šesť rokov veku, ak má dieťa dlhodobo nepriaznivý zdravotný stav. Osoby, ktoré majú nárok na rodičovský príspevok. Výška rodičovského prís...

Celý popis

Uložené v:
Podrobná bibliografia
Hlavný autor: Tichý, Miroslav
Médium: Kapitola
Jazyk:Slovak
Predmet:
Tagy: Pridať tag
Žiadne tagy, Buďte prvý, kto otaguje tento záznam!

MARC

LEADER 00000naa a2200000 4500
001 0306310
005 20250120113547.4
041 0 |a slo 
044 |a SK 
245 1 0 |a Rodičovský príspevok od 1. 1. 2025  |c Miroslav Tichý 
520 |a Rodičovský príspevok je štátna sociálna dávka, ktorou štát prispieva oprávnenej osobe na zabezpečenie riadnej starostlivosti o dieťa do troch rokov veku alebo do šesť rokov veku, ak má dieťa dlhodobo nepriaznivý zdravotný stav. Osoby, ktoré majú nárok na rodičovský príspevok. Výška rodičovského príspevku a jeho výplata. 
610 2 0 |a príspevok rodičovský 
610 2 0 |a dávky sociálne 
610 2 0 |a starostlivosť o deti 
610 2 0 |a zdravie 
610 2 0 |a zákony 
610 2 0 |a legislatíva 
100 1 |a Tichý, Miroslav